LEADER 01054nam--2200373---450- 001 990000864290203316 005 20050628141626.0 010 $a3-465-02864-3 035 $a0086429 035 $aUSA010086429 035 $a(ALEPH)000086429USA01 035 $a0086429 100 $a20020110d1996----km-y0itay0103----ba 101 $ager 102 $aDE 105 $a||||||||001yy 200 1 $aFeld, Zeit, Ich$eentwurf einer feldtheoretischen Transzendentalphilosophie$fPeter Rohs 210 $aFrankfurt am Main$cV. Klostermann$d1996 215 $a289 p$d25 cm 410 $12001 606 0 $aEssere 676 $a111. 700 1$aROHS,$bPeter$0152068 801 0$aIT$bsalbc$gISBD 912 $a990000864290203316 951 $aII.1.D. 2859(IV C 2639)$b130942 LM$cIV C 959 $aBK 969 $aUMA 979 $aPATTY$b90$c20020110$lUSA01$h1428 979 $c20020403$lUSA01$h1731 979 $aPATRY$b90$c20040406$lUSA01$h1700 979 $aCOPAT5$b90$c20050628$lUSA01$h1416 996 $aFeld, Zeit, Ich$9968584 997 $aUNISA LEADER 01952nam0 2200445 i 450 001 VAN00102883 005 20240806100721.640 017 70$2N$a978-1-4939-0005-3 100 $a20151012d2014 |0itac50 ba 101 $aeng 102 $aUS 105 $a|||| ||||| 200 1 $aStatistical inference on residual life$fJong-Hyeon Jeong 210 $aNew York$cSpringer$d2014 215 $aXI, 201 p.$cill.$d24 cm 410 1$1001VAN00102850$12001 $aStatistics for biology and health$1210 $aBerlin [etc.]$cSpringer$d1997- 500 1$3VAN00239804$aStatistical inference on residual life$91410716 606 $a60K10$xApplications of renewal theory (reliability, demand theory, etc.) [MSC 2020]$3VANC029272$2MF 606 $a62Nxx$xSurvival analysis and censored data [MSC 2020]$3VANC027776$2MF 606 $a62P10$xApplications of statistics to biology and medical sciences; meta analysis [MSC 2020]$3VANC024649$2MF 610 $aBiostatistics$9KW:K 610 $aClinical Trials$9KW:K 610 $aCompeting risks$9KW:K 610 $aEmpirical Likelihood$9KW:K 610 $aMean (Quantile) Residual Life$9KW:K 610 $aMean Residual Life$9KW:K 610 $aReliability theory$9KW:K 610 $aStatistics$9KW:K 610 $aSurvival analysis$9KW:K 620 $aUS$dNew York$3VANL000011 700 1$aJeong$bJong-Hyeon$3VANV080297$0721702 712 $aSpringer $3VANV108073$4650 801 $aIT$bSOL$c20250606$gRICA 856 4 $uhttp://dx.doi.org/10.1007/978-1-4939-0005-3$zE-book ? Accesso al full-text attraverso riconoscimento IP di Ateneo, proxy e/o Shibboleth 899 $aBIBLIOTECA CENTRO DI SERVIZIO SBA$2VAN15 912 $fN 912 $aVAN00102883 950 $aBIBLIOTECA CENTRO DI SERVIZIO SBA$d15CONS SBA EBOOK 4606 $e15EB 4606 20191106 996 $aStatistical inference on residual life$91410716 997 $aUNICAMPANIA